| Tag |
First Indicator |
Second Indicator |
Subfields |
| LEADER |
00000cam a2200000 a 4500 |
| 001 |
in00000856417 |
| 005 |
20151019071937.0 |
| 008 |
851011s1985 dcua b f00010 eng d |
| 010 |
|
|
|a gp 86001423
|
| 035 |
|
|
|a (OCoLC)12654170
|
| 035 |
|
|
|9 AED7639AM
|
| 040 |
|
|
|a GPO
|c GPO
|d MvI-ran
|d UtOrBLW
|
| 074 |
|
|
|a 718-A-3
|
| 086 |
0 |
|
|a J 28.24/3:C 86
|
| 100 |
1 |
|
|a Wright, James D.
|
| 245 |
1 |
4 |
|a The armed criminal in America :
|b a survey of incarcerated felons /
|c by James D. Wright, Peter H. Rossi.
|
| 264 |
|
1 |
|a Washington, D.C. :
|b U.S. Dept. of Justice, National Institute of Justice,
|c [1985]
|
| 300 |
|
|
|a vi, 52 pages :
|b illustrations ;
|c 28 cm.
|
| 336 |
|
|
|a text
|b txt
|2 rdacontent
|
| 337 |
|
|
|a unmediated
|b n
|2 rdamedia
|
| 338 |
|
|
|a volume
|b nc
|2 rdacarrier
|
| 490 |
1 |
|
|a NIJ research report
|
| 500 |
|
|
|a Shipping list number: 85-912-P.
|
| 500 |
|
|
|a "Supported by grant number 82-IJ-CX-0001, awarded to the Social and Demographic Research Institute, University of Massachusetts, by the National Institute of Justice"--Title page verso.
|
| 500 |
|
|
|a "July 1985."
|
| 504 |
|
|
|a Bibliography: pages 51-52.
|
| 650 |
|
0 |
|a Firearms
|z United States.
|
| 650 |
|
0 |
|a Violent crimes
|z United States.
|
| 650 |
|
0 |
|a Criminal psychology.
|
| 700 |
1 |
|
|a Rossi, Peter H.
|q (Peter Henry),
|d 1921-2006.
|
| 710 |
2 |
|
|a National Institute of Justice (U.S.)
|
| 710 |
2 |
|
|a University of Massachusetts at Amherst.
|b Social and Demographic Research Institute.
|
| 830 |
|
0 |
|a NIJ research report.
|
| 999 |
|
|
|a MARS
|
| 999 |
f |
f |
|s 467691e9-bc36-3a30-a1aa-a1c14e3a33d5
|i 9f4915d1-45d1-3e65-99ab-a4eca89ea30b
|t 0
|
| 952 |
f |
f |
|p normal
|a Texas A&M University
|b College Station
|c Sterling C. Evans Library
|d Evans: US Documents (Annex 5th floor)
|t 0
|e J 28.24/3:C 86
|h Superintendent of Documents classification
|i unmediated -- volume
|m A14812524897
|
| 998 |
f |
f |
|a J 28.24/3:C 86
|t 0
|l Evans: US Documents (Annex 5th floor)
|